|
|
|
|
| LEADER |
01693cas a2200241 a 4500 |
| 001 |
AALejournalIMF007786 |
| 008 |
230101c9999 xx r poo 0 0eng d |
| 020 |
|
|
|c 5.00 USD
|
| 020 |
|
|
|z 9781451920888
|
| 022 |
|
|
|a 1018-5941
|
| 040 |
|
|
|a BD-DhAAL
|c BD-DhAAL
|
| 110 |
2 |
|
|a International Monetary Fund.
|
| 245 |
1 |
4 |
|a The Relative Impact of Income and Consumption Taxes.
|
| 264 |
|
1 |
|a Washington, D.C. :
|b International Monetary Fund,
|c 1988.
|
| 300 |
|
|
|a 1 online resource (27 pages)
|
| 490 |
1 |
|
|a IMF Working Papers
|
| 500 |
|
|
|a <strong>Off-Campus Access:</strong> No User ID or Password Required
|
| 500 |
|
|
|a <strong>On-Campus Access:</strong> No User ID or Password Required
|
| 506 |
|
|
|a Electronic access restricted to authorized BRAC University faculty, staff and students
|
| 520 |
3 |
|
|a This paper examines the possibility of ascertaining the welfare changes that occur when a consumption tax replaces an equal-yield income tax. It finds that those with saving/income ratios greater than the social saving/income ratio under the income tax will surely benefit and those with ratios smaller than the social rate under the consumption tax will surely be harmed. These conditions are in each case sufficient to guarantee these results-but not necessary. Some can be better off and others worse off without these conditions holding. It is thus theoretically impossible to predict the welfare effects on many taxpayers of the tax shift from the observable data.
|
| 538 |
|
|
|a Mode of access: Internet
|
| 830 |
|
0 |
|a IMF Working Papers; Working Paper ;
|v No. 1988/024
|
| 856 |
4 |
0 |
|z Full text available on IMF
|u http://elibrary.imf.org/view/journals/001/1988/024/001.1988.issue-024-en.xml
|z IMF e-Library
|